000 00377nam a22001697a 4500
005 20160625145457.0
008 160625b xxu||||| |||| 00| 0 eng d
020 _a0-07-047401-X
041 _aeng
082 _b10110
100 _aSaxena, Rajan
_91416
245 _aMarketing Management
260 _bTMH
_c2004
300 _a624
650 _aManagement
_9241
942 _cBK
999 _c4052
_d4051